Análisis matemático para economistas (Registro nro. 4929)

Detalles MARC
000 -LEADER
fixed length control field 01471 a2200229 4500
001 - CONTROL NUMBER
control field 50011
005 - DATE AND TIME OF LATEST TRANSACTION
control field 20260407155800.0
008 - FIXED-LENGTH DATA ELEMENTS--GENERAL INFORMATION
fixed length control field 260407a1964 arg spa d
003 - CONTROL NUMBER IDENTIFIER
control field AR-UNSa-BCEJYS
040 ## - CATALOGING SOURCE
Original cataloging agency AR-UNSa-BCEJYS
Language of cataloging spa
Transcribing agency AR-UNSa-BCEJYS
080 ## - UNIVERSAL DECIMAL CLASSIFICATION NUMBER
Universal Decimal Classification number 517
Common auxiliary subdivision Análisis Matemático
041 ## - LANGUAGE CODE
Language code of text/sound track or separate title spa
100 1# - MAIN ENTRY--PERSONAL NAME
Personal name Allen, Roy George Douglas
245 10 - TITLE STATEMENT
Title Análisis matemático para economistas
250 ## - EDITION STATEMENT
Edition statement 6a. ed.
264 #1 - PRODUCTION, PUBLICATION, DISTRIBUTION, MANUFACTURE, AND COPYRIGHT NOTICE
Place of production, publication, distribution, manufacture Madrid :
Name of producer, publisher, distributor, manufacturer Aguilar
Date of production, publication, distribution, manufacture, or copyright notice 1964
300 ## - PHYSICAL DESCRIPTION
Extent xxiii, 548 p.
Dimensions 21 cm.
505 ## - FORMATTED CONTENTS NOTE
Formatted contents note 1. Números y variables - 2. Funciones: su representación gráfica - 3. Geometría analítica elemental - 4. Límites y continuidad de las funciones - 5. Funciones y diagramas en la teoría económica - 6. Derivadas y su interpretación - 7. La técnica de la derivación - 8. Aplicaciones de las derivadas - 9. Funciones exponencial y logarítmica - 10. Derivación logarítmica - 11. Funciones de dos o más variables - 12. Derivadas parciales y sus aplicaciones - 13. Diferenciales y diferenciación - 14. Problemas de máximo y mínimo - 15. Integrales de funciones de una variable - 16. Ecuaciones diferenciales - 17. Desarrollo en serie, fórmula de Taylor y diferenciales de orden superior - 18. Determinantes, ecuaciones lineales y formas cuadráticas - 19. Nuevos problemas de máximo y mínimos - 20. Algunos problemas de cálculo de variaciones.
590 ## - LOCAL NOTE (RLIN)
Local note niveau_biblio:m niveau_hierar:0
700 1# - ADDED ENTRY--PERSONAL NAME
Personal name Figueroa, Emilio de
942 ## - ADDED ENTRY ELEMENTS (KOHA)
Koha item type
Existencias
Withdrawn status Lost status Damaged status Not for loan Home library Current library Shelving location Date acquired Total checkouts Full call number Barcode Date last seen Price effective from Koha item type
        Biblioteca Prof. Eusebio Cleto del Rey Biblioteca Prof. Eusebio Cleto del Rey   07/04/2026   517 A425 6ed. L20812 07/04/2026 07/04/2026 Libro
        Biblioteca Prof. Eusebio Cleto del Rey Biblioteca Prof. Eusebio Cleto del Rey   07/04/2026   517 A425 6ed. L20826 07/04/2026 07/04/2026 Libro
        Biblioteca Prof. Eusebio Cleto del Rey Biblioteca Prof. Eusebio Cleto del Rey   07/04/2026   517 A425 6ed. L21308 07/04/2026 07/04/2026 Libro
        Biblioteca Prof. Eusebio Cleto del Rey Biblioteca Prof. Eusebio Cleto del Rey   07/04/2026   517 A425 6ed. L21503 07/04/2026 07/04/2026 Libro